000 00822nam a2200229 i 4500
001 146470
003 ES-MaACL
005 20230906201538.0
007 t|
008 070911s1913 fr ||||1| fre d
100 1 _aGregorio de Tours
_cSanto.
_9111152
245 1 0 _aHistoire des francs /
_cGrégoire de Tours ; texte des manuscrits de Corbie et de Bruxelles ; publie par Henri Omont et Gaston Collon.
250 _aNouvelle ed. par Renè Poupardin.
260 _aParis :
_b[s.n.],
_c1913 (
_fProtat Frères)
300 _aXXX, 50 p. ;
_c20 cm.
650 4 _aFrancos-
_xHistoria.
_9146091
651 4 _aFrancia-
_xHistoria-
_y476-687, Merovingios.
_9146090
651 _aFrancia-
_xHistoria eclesiástica.
_9153886
700 1 _aHenri, Omont.
_962568
700 1 _aCollon, Gaston.
_939752
852 _aES-MaACL
_jF-2780
999 _c146470
_d146470